<?xml version="1.0" encoding="UTF-8"?>
<record
    xmlns:xsi="http://www.w3.org/2001/XMLSchema-instance"
    xsi:schemaLocation="http://www.loc.gov/MARC21/slim http://www.loc.gov/standards/marcxml/schema/MARC21slim.xsd"
    xmlns="http://www.loc.gov/MARC21/slim">

  <leader>00769nam a22002057a 4500</leader>
  <controlfield tag="003">OSt</controlfield>
  <controlfield tag="005">20231103183549.0</controlfield>
  <controlfield tag="008">221006b        |||||||| |||| 00| 0 eng d</controlfield>
  <datafield tag="040" ind1=" " ind2=" ">
    <subfield code="c">Biblioteca Lado V</subfield>
  </datafield>
  <datafield tag="082" ind1=" " ind2=" ">
    <subfield code="a">708</subfield>
    <subfield code="b">M986g</subfield>
  </datafield>
  <datafield tag="110" ind1=" " ind2=" ">
    <subfield code="9">728</subfield>
    <subfield code="a">Museo Nacional Centro de Arte Reina Sofia </subfield>
    <subfield code="e">curador</subfield>
  </datafield>
  <datafield tag="245" ind1=" " ind2=" ">
    <subfield code="a">Giro gr&#xE1;fico/</subfield>
    <subfield code="b">Como en el mundo la hiedra/</subfield>
  </datafield>
  <datafield tag="260" ind1=" " ind2=" ">
    <subfield code="a">Espa&#xF1;a </subfield>
    <subfield code="b">Red conceptualismo del sur</subfield>
    <subfield code="c">2022</subfield>
  </datafield>
  <datafield tag="300" ind1=" " ind2=" ">
    <subfield code="c">17x23cm</subfield>
    <subfield code="a">250p.</subfield>
    <subfield code="b">contiene p&#xF3;sters</subfield>
  </datafield>
  <datafield tag="650" ind1=" " ind2="0">
    <subfield code="2">Tesauro de Arte &amp; Arquitectura</subfield>
    <subfield code="a">TEORIA</subfield>
    <subfield code="9">702</subfield>
  </datafield>
  <datafield tag="650" ind1=" " ind2=" ">
    <subfield code="2">Tesauro de Arte &amp; Arquitectura</subfield>
    <subfield code="a">EXHIBICION</subfield>
    <subfield code="9">702</subfield>
  </datafield>
  <datafield tag="650" ind1=" " ind2=" ">
    <subfield code="2">Tesauro de Arte &amp; Arquitectura</subfield>
    <subfield code="a">CATALOGO</subfield>
  </datafield>
  <datafield tag="700" ind1=" " ind2=" ">
    <subfield code="a">Gallisa Muriente, Sofia</subfield>
    <subfield code="e">autora</subfield>
    <subfield code="e">(colaboradora)</subfield>
    <subfield code="9">724</subfield>
  </datafield>
  <datafield tag="942" ind1=" " ind2=" ">
    <subfield code="2">ddc</subfield>
    <subfield code="c">1</subfield>
    <subfield code="h">708</subfield>
    <subfield code="i">M986c</subfield>
    <subfield code="n">0</subfield>
  </datafield>
  <datafield tag="999" ind1=" " ind2=" ">
    <subfield code="c">3036</subfield>
    <subfield code="d">3036</subfield>
  </datafield>
  <datafield tag="952" ind1=" " ind2=" ">
    <subfield code="0">0</subfield>
    <subfield code="1">0</subfield>
    <subfield code="2">ddc</subfield>
    <subfield code="4">0</subfield>
    <subfield code="7">0</subfield>
    <subfield code="a">LV</subfield>
    <subfield code="b">LV</subfield>
    <subfield code="d">2023-02-02</subfield>
    <subfield code="i">005146</subfield>
    <subfield code="l">0</subfield>
    <subfield code="o">708 M986g</subfield>
    <subfield code="p">005146</subfield>
    <subfield code="r">2023-02-02 00:00:00</subfield>
    <subfield code="w">2023-02-02</subfield>
    <subfield code="y">1</subfield>
  </datafield>
</record>
